[Event "World Blitz Women 2025"]
[Site "Doha QAT"]
[Date "2025.12.29"]
[Round "5.60"]
[White "Wafa, Shahenda"]
[Black "Nandhidhaa, P V"]
[Result "0-1"]
[WhiteTitle "WGM"]
[BlackTitle "WGM"]
[WhiteElo "2074"]
[BlackElo "2257"]
[WhiteFideId "10609962"]
[BlackFideId "5050847"]
[EventDate "2025.12.29"]

1. e4 c5 2. Nf3 Nc6 3. d4 cxd4 4. Nxd4 e6 5. Nc3 Qc7 6. Nxc6 bxc6 7. Bd3 Nf6 8.
O-O d5 9. Re1 Be7 10. e5 Nd7 11. f4 O-O 12. Rf1 f6 13. Qh5 f5 14. Rf3 g6 15. Qh6
Nc5 16. Rh3 Rf7 17. Be3 Bf8 18. Qh4 Nxd3 19. cxd3 c5 20. Bd2 Qb6 21. b3 Bb7 22.
Kh1 Qc6 23. Qf2 d4 24. Na4 Qd5 25. Rc1 Bc6 26. Rc4 Bb5 27. Nb2 Bxc4 28. Nxc4 a5
29. Bxa5 Rfa7 30. Qh4 Qd7 31. Nb6 Qe7 32. Nxa8 Qxh4 33. Rxh4 Rxa8 34. Bb6 Rxa2
35. Kg1 Rb2 36. Rh3 Rxb3 37. Bc7 Rb7 38. Ba5 Ra7 39. Bb6 Ra6 40. Bc7 Ra3 41. Rf3
Kf7 42. Kf2 Ra2+ 43. Kf1 Ke8 44. h3 Kd7 45. Bb6 Kc6 46. Bd8 Kd5 47. g4 Ra3 48.
Ke2 c4 49. dxc4+ Kxc4 50. Rxa3 Bxa3 51. gxf5 gxf5 52. Bh4 d3+ 53. Kd1 Kd4 54.
Bg5 Ke4 55. Kd2 Bc5 56. Bh6 Be3+ 57. Kd1 Bxf4 58. Bg7 Bxe5 59. Bh6 Bd4 60. h4
Be3 61. Bg7 f4 62. h5 f3 63. Ke1 d2+ 64. Kd1 f2 0-1

[Event "World Blitz Women 2025"]
[Site "Doha QAT"]
[Date "2025.12.29"]
[Round "5.61"]
[White "Lesbekova, Assel"]
[Black "Kairbekova, Amina"]
[Result "0-1"]
[WhiteTitle "WCM"]
[BlackTitle "WGM"]
[WhiteElo "1948"]
[BlackElo "2353"]
[WhiteFideId "13713248"]
[BlackFideId "13712799"]
[EventDate "2025.12.29"]

1. e4 c5 2. Nf3 e6 3. g3 Nc6 4. Bg2 Nf6 5. Nc3 d5 6. exd5 exd5 7. d4 cxd4 8.
Nxd4 Bg4 9. Nde2 Bb4 10. O-O Bxc3 11. bxc3 O-O 12. h3 Bxe2 13. Qxe2 h6 14. Be3
Re8 15. Qb5 Qe7 16. Rab1 Rab8 17. Bf4 Rbc8 18. Qxb7 Qe2 19. Qb3 a5 20. Qa4 Ne4
21. Bxe4 Rxe4 22. Qb5 Qxc2 23. Qxd5 Ree8 24. Rbc1 Qe2 25. Be3 Ne5 26. Kg2 Rcd8
27. Qb7 Rd7 28. Qb1 Qf3+ 29. Kh2 Qd5 30. f4 Nf3+ 31. Rxf3 Qxf3 0-1

[Event "World Blitz Women 2025"]
[Site "Doha QAT"]
[Date "2025.12.29"]
[Round "5.62"]
[White "Mikheeva, Galina"]
[Black "Kirtadze, Anastasia"]
[Result "0-1"]
[WhiteTitle "FM"]
[BlackTitle "WIM"]
[WhiteElo "2122"]
[BlackElo "2281"]
[WhiteFideId "44108320"]
[BlackFideId "13622714"]
[EventDate "2025.12.29"]

1. e4 c5 2. Nc3 Nc6 3. Bb5 Nd4 4. Nf3 Nxb5 5. Nxb5 a6 6. Nc3 b5 7. d4 cxd4 8.
Qxd4 Bb7 9. a4 bxa4 10. Nxa4 e6 11. Nc5 Bxc5 12. Qxc5 Bxe4 13. Bf4 Nf6 14. c3
Bxf3 15. gxf3 Nd5 16. Bd6 f6 17. c4 Ne7 18. Qh5+ g6 19. Qc5 Kf7 20. O-O h5 21.
Rfd1 h4 22. Rd3 Rh5 23. Qb4 Nc6 24. Qd2 Ra7 25. Kh1 a5 26. b4 Rb7 27. b5 Ne5 28.
Bxe5 Rxe5 29. Rxa5 Rg5 30. Ra1 Qc7 31. Rd1 Ke8 32. Rd4 Ra7 33. Qb4 Qb7 34. Qb3
Qb8 35. b6 Rb7 36. Rd6 Qc8 37. Ra1 Qc5 38. Ra8+ Ke7 39. Qd1 Qxd6 40. Re8+ Kxe8
41. Qxd6 h3 42. f4 Ra5 43. Qd1 Rxb6 44. Kg1 Rba6 45. Kf1 Ra1 0-1

[Event "World Blitz Women 2025"]
[Site "Doha QAT"]
[Date "2025.12.29"]
[Round "5.63"]
[White "Gu, Xiaobing"]
[Black "Khalil, Manar"]
[Result "1-0"]
[WhiteTitle "WGM"]
[BlackTitle "WFM"]
[WhiteElo "2106"]
[BlackElo "1925"]
[WhiteFideId "8602611"]
[BlackFideId "7604661"]
[EventDate "2025.12.29"]

1. d4 d5 2. Nc3 Nf6 3. Bf4 e6 4. Nb5 Bd6 5. Nxd6+ cxd6 6. e3 Nc6 7. c3 O-O 8.
Bd3 e5 9. Bg3 Bg4 10. Ne2 Qd7 11. h3 Bf5 12. Bb5 Rfe8 13. Bh4 Qe6 14. O-O a6 15.
Ba4 Ne4 16. f3 Nf6 17. Bb3 Na5 18. e4 Nxb3 19. exf5 Qxf5 20. axb3 Rad8 21. Qd2
Re6 22. Ng3 Qg6 23. Qg5 Qxg5 24. Bxg5 h6 25. Bxf6 Rxf6 26. Rfe1 Rg6 27. Kf2 Re6
28. Rad1 g6 29. h4 f5 30. dxe5 dxe5 31. f4 e4 32. Rd4 Rb6 33. b4 a5 34. Red1 Rb5
35. Nf1 axb4 36. cxb4 Rc8 37. Ne3 Rc6 38. Nxd5 Rc2+ 39. R1d2 Rc1 40. Nc3 Rb6 41.
Rd6 Rc6 42. b5 Rc5 43. Rxg6+ Kf7 44. Rxh6 1-0

[Event "World Blitz Women 2025"]
[Site "Doha QAT"]
[Date "2025.12.29"]
[Round "5.64"]
[White "Skaslien, Ingrid"]
[Black "Serikbay, Assel"]
[Result "0-1"]
[BlackTitle "WIM"]
[WhiteElo "2029"]
[BlackElo "2221"]
[WhiteFideId "1520660"]
[BlackFideId "13706799"]
[EventDate "2025.12.29"]

1. d4 d5 2. c4 e6 3. Nc3 Nf6 4. Bg5 Bb4 5. cxd5 exd5 6. e3 h6 7. Bh4 g5 8. Bg3
Ne4 9. Qb3 Nc6 10. Ne2 h5 11. h3 Nxg3 12. Nxg3 h4 13. Ne2 Be6 14. a3 Bxc3+ 15.
Nxc3 Qd7 16. Bb5 a6 17. Qa4 O-O 18. Bd3 Kg7 19. Qc2 f5 20. Na4 Qd6 21. Nc5 Bc8
22. Be2 f4 23. Qd2 b6 24. Nd3 Bf5 25. Bg4 fxe3 26. fxe3 Bxd3 27. Qxd3 Qg3+ 28.
Kd1 Qxg2 29. Re1 Rae8 30. Rc1 Rf6 31. Rc2 Qg3 32. Rce2 Na5 33. Kc1 Nc4 34. Kb1
Re4 35. Rd1 Rf7 36. Rde1 Rfe7 37. Ka2 Rxe3 38. Rxe3 Rxe3 39. Rxe3 Qxe3 40. Qf5
Qxd4 41. Qxg5+ Kf8 42. Qh6+ Ke7 43. Qg5+ Kd6 44. Qh6+ Kc5 45. Qc1 Qf2 46. Ka1
Kd6 47. Qc3 Ne3 48. Ka2 Nc4 49. Qb4+ c5 50. Qc3 b5 51. Qb3 d4 52. Ka1 0-1

[Event "World Blitz Women 2025"]
[Site "Doha QAT"]
[Date "2025.12.29"]
[Round "5.65"]
[White "Krasteva, Beloslava"]
[Black "Zvereva, Marija"]
[Result "1-0"]
[WhiteTitle "FM"]
[BlackTitle "WIM"]
[WhiteElo "2339"]
[BlackElo "2007"]
[WhiteFideId "2922029"]
[BlackFideId "4121082"]
[EventDate "2025.12.29"]

1. d4 Nf6 2. c4 d6 3. Nc3 Nbd7 4. e4 e5 5. d5 Nc5 6. Qc2 a5 7. h3 Be7 8. Be2 O-O
9. Be3 b6 10. g4 Nfd7 11. Nf3 Ba6 12. h4 Re8 13. O-O-O Nf8 14. h5 a4 15. g5 g6
16. hxg6 Nxg6 17. Rh5 Nd7 18. Rdh1 Ndf8 19. Nh4 Kg7 20. Nf5+ Kg8 21. f3 Nf4 22.
Bxf4 exf4 23. Bd3 Bxg5 24. Qh2 Bf6 25. Rxh7 Ng6 26. Rg7+ Bxg7 27. Qh7+ 1-0

[Event "World Blitz Women 2025"]
[Site "Doha QAT"]
[Date "2025.12.29"]
[Round "5.66"]
[White "Mkrtchian, Lilit"]
[Black "Sharma, Isha"]
[Result "0-1"]
[WhiteTitle "IM"]
[BlackTitle "WIM"]
[WhiteElo "2366"]
[BlackElo "2245"]
[WhiteFideId "13300601"]
[BlackFideId "35006665"]
[EventDate "2025.12.29"]

1. Nf3 Nf6 2. c4 c5 3. Nc3 Nc6 4. g3 d5 5. cxd5 Nxd5 6. Bg2 Nc7 7. b3 e5 8. Ba3
Be7 9. Rc1 Bd7 10. O-O O-O 11. d3 Rc8 12. Nd2 Kh8 13. Bb2 b6 14. Nc4 f6 15. Ne3
Nd4 16. Ned5 Bg4 17. Nxe7 Qxe7 18. h3 Bh5 19. g4 Bf7 20. e3 Nde6 21. Qe2 Rfd8
22. Ne4 Nd5 23. a3 Nf8 24. Rfd1 Ng6 25. Ng3 Nh4 26. Bh1 Nc7 27. Rc3 Nb5 28. Rc4
Bxc4 29. bxc4 Nd6 30. Bd5 Rc7 31. f3 f5 32. Qf2 f4 33. Ne4 Nxe4 34. fxe4 Rf8 35.
Rf1 Qg5 36. Bc3 Re7 37. Be1 Ng6 38. Qe2 fxe3 39. Rf5 Rxf5 40. exf5 Nh4 41. Bg3
Nxf5 42. Bh2 Nd4 43. Qe1 e2 44. Bg3 Qe3+ 45. Bf2 Nf3+ 46. Bxf3 Qxf3 47. Qd2 h6
48. Qe1 e4 49. d4 e3 50. Bg3 Rf7 51. d5 Qf1+ 52. Kh2 Rf2+ 53. Bxf2 Qxf2+ 0-1

[Event "World Blitz Women 2025"]
[Site "Doha QAT"]
[Date "2025.12.29"]
[Round "5.67"]
[White "Fawaz, Nadia"]
[Black "Luong Phuong Hanh"]
[Result "0-1"]
[WhiteTitle "WFM"]
[BlackTitle "WIM"]
[WhiteElo "1957"]
[BlackElo "2236"]
[WhiteFideId "5309743"]
[BlackFideId "12401013"]
[EventDate "2025.12.29"]

1. e4 c5 2. Nf3 e6 3. d4 cxd4 4. Nxd4 a6 5. c4 Nf6 6. Nc3 Qc7 7. f3 Bb4 8. Qc2
d5 9. Bd2 O-O 10. cxd5 exd5 11. Nxd5 Nxd5 12. exd5 Qe5+ 13. Qe4 Bxd2+ 14. Kxd2
Qd6 15. Bd3 g6 16. h4 Nd7 17. Nc2 Nc5 18. Qb4 Qxd5 19. Qc4 Qd6 20. Qd4 Qc7 21.
Rad1 Rd8 22. Qc4 Rxd3+ 23. Kc1 Be6 24. Qb4 Bxa2 25. Rhe1 Nb3+ 0-1

[Event "World Blitz Women 2025"]
[Site "Doha QAT"]
[Date "2025.12.29"]
[Round "5.68"]
[White "Al-Khulaifi, Ghada"]
[Black "Abrar Mohammed Ahmad Almalki"]
[Result "1-0"]
[WhiteTitle "WCM"]
[WhiteElo "1630"]
[BlackElo "1826"]
[WhiteFideId "12100633"]
[BlackFideId "21543143"]
[EventDate "2025.12.29"]

1. e4 e6 2. d4 d5 3. exd5 exd5 4. Nc3 Nf6 5. Bg5 c6 6. Nf3 Bg4 7. Be2 Nbd7 8.
O-O Bd6 9. h3 Bxf3 10. Bxf3 O-O 11. Re1 h6 12. Bh4 Qc7 13. a3 g5 14. Bg3 Bxg3
15. fxg3 Qxg3 16. Ne2 Qd6 17. Rf1 Rae8 18. Qd3 Re6 19. Bg4 Nxg4 20. hxg4 Rfe8
21. Rae1 Re4 22. Qf3 Qg6 23. Qf2 Rxg4 24. Ng3 Rxe1 25. Rxe1 Re4 26. Nxe4 dxe4
27. Qe3 f5 28. Qb3+ Kf8 29. Qxb7 Qe6 30. Qc8+ Kg7 31. Qb7 a5 32. c3 g4 33. Qa6
f4 34. Qxa5 f3 35. gxf3 gxf3 36. Kf2 Nf6 37. Rg1+ Kh7 38. Qc7+ Kh8 39. Qg7# 1-0

[Event "World Blitz Women 2025"]
[Site "Doha QAT"]
[Date "2025.12.29"]
[Round "5.69"]
[White "Lau, Chloe Hailey"]
[Black "Echcharbiny, Wissal"]
[Result "0-1"]
[WhiteElo "1562"]
[BlackElo "1726"]
[WhiteFideId "6012469"]
[BlackFideId "9014853"]
[EventDate "2025.12.29"]

1. e4 c6 2. d4 d5 3. exd5 cxd5 4. c4 Nf6 5. Nc3 Nc6 6. Nf3 Bg4 7. cxd5 Nxd5 8.
Qb3 Bxf3 9. gxf3 e6 10. Be3 Bb4 11. Bc4 Qa5 12. Rc1 Nce7 13. a3 Bxc3+ 14. bxc3
Qc7 15. Bb5+ Nc6 16. c4 Nxe3 17. fxe3 O-O 18. Qd3 Rfd8 19. Ke2 Ne5 20. Qe4 Ng6
21. h4 Ne7 22. h5 Nf5 23. Kf2 Qg3+ 24. Kf1 Qg5 25. Kf2 Ng3 26. Qxb7 Nxh1+ 27.
Rxh1 Qf5 28. Ba4 Rdb8 29. Qc6 Rb2+ 30. Kg3 Qg5+ 31. Kh3 Qg2+ 32. Kh4 Qxh1+ 33.
Kg4 Qg2+ 34. Kf4 Qh2+ 35. Ke4 Qh4+ 36. f4 0-1

[Event "World Blitz Women 2025"]
[Site "Doha QAT"]
[Date "2025.12.29"]
[Round "5.70"]
[White "Alotaibi, Maitha Abdulrahman A"]
[Black "Alsemairi, Dalia"]
[Result "0-1"]
[BlackTitle "WCM"]
[WhiteElo "1600"]
[BlackElo "1802"]
[WhiteFideId "21524009"]
[BlackFideId "21511217"]
[EventDate "2025.12.29"]

1. d4 d5 2. c4 e6 3. Nf3 c6 4. Nc3 dxc4 5. e4 b5 6. a4 Bb4 7. Bd2 Bxc3 8. bxc3
Nf6 9. Qe2 O-O 10. g3 Bb7 11. Bg2 h6 12. axb5 cxb5 13. Rb1 a6 14. O-O Bxe4 15.
Ne5 Bxg2 16. Kxg2 Qd5+ 17. Kg1 Nbd7 18. Bf4 Nxe5 19. dxe5 Ne4 20. Rfd1 Nxc3 21.
Qg4 Nxd1 22. Bxh6 g6 23. Rxd1 Qxe5 24. Bf4 Qf5 25. Qf3 e5 26. g4 Qxf4 27. Qh3
Rad8 28. Rf1 b4 29. Qg2 c3 30. h4 c2 31. h5 c1=Q 32. Rxc1 Qxc1+ 33. Kh2 Qh6 34.
Qg3 Rd4 35. f3 Rd2+ 36. Kh3 Rfd8 37. Qxe5 gxh5 38. gxh5 Qe6+ 39. Qxe6 fxe6 40.
Kh4 b3 41. Kg5 b2 42. Kf6 b1=Q 0-1

[Event "World Blitz Women 2025"]
[Site "Doha QAT"]
[Date "2025.12.29"]
[Round "6.1"]
[White "Yip, Carissa"]
[Black "Omonova, Umida"]
[Result "0-1"]
[WhiteTitle "IM"]
[BlackTitle "WIM"]
[WhiteElo "2459"]
[BlackElo "2294"]
[WhiteFideId "2090732"]
[BlackFideId "14210363"]
[EventDate "2025.12.29"]

1. e4 e5 2. d4 exd4 3. Qxd4 Nc6 4. Qc4 Nf6 5. Nc3 d6 6. Bd2 Be7 7. O-O-O Be6 8.
Qe2 O-O 9. Nh3 Nd4 10. Qd3 c5 11. Nf4 Rb8 12. f3 b5 13. g4 Nd7 14. Bg2 Ne5 15.
Qf1 Bc4 16. Qf2 b4 17. Ncd5 Bh4 18. Qe3 Bxa2 19. b3 Qa5 20. Be1 Qa3+ 21. Kd2
Bxb3 22. Bxh4 Nc4+ 23. Ke1 Nxc2+ 24. Kf2 N2xe3 0-1

[Event "World Blitz Women 2025"]
[Site "Doha QAT"]
[Date "2025.12.29"]
[Round "6.2"]
[White "Goryachkina, Aleksandra"]
[Black "Shukhman, Anna"]
[Result "1-0"]
[WhiteTitle "GM"]
[BlackTitle "WGM"]
[WhiteElo "2534"]
[BlackElo "2431"]
[WhiteFideId "4147103"]
[BlackFideId "54180058"]
[EventDate "2025.12.29"]

1. e4 c5 2. Nf3 d6 3. Bb5+ Bd7 4. Bxd7+ Nxd7 5. O-O e6 6. Qe2 Be7 7. b3 Bf6 8.
c3 Ne7 9. d4 Nc6 10. Rd1 O-O 11. Bf4 e5 12. dxe5 Ndxe5 13. Nxe5 Nxe5 14. Bg3 Qe7
15. Nd2 Rad8 16. Nf1 Rfe8 17. Ne3 Nc6 18. f3 Qe6 19. Nd5 Rd7 20. Rac1 Be5 21.
Bxe5 Qxe5 22. Qd2 Ne7 23. Nxe7+ Rexe7 24. Qd5 Qf4 25. Qd2 Qe5 26. c4 g6 27. Qf2
Qf4 28. Rc2 f5 29. exf5 Qxf5 30. Re2 Kf7 31. Rxe7+ Rxe7 32. h3 Qf6 33. Qd2 Kg7
34. Qxd6 Re1+ 35. Kh2 Rxd1 36. Qxd1 Qf4+ 37. Kh1 Qe3 38. Qd7+ Kh6 39. Qd6 b6 40.
Kh2 Kg7 41. Qc7+ Kh6 42. h4 Qf2 43. Qg3 Qd4 44. Qg5+ Kg7 45. Qe7+ Kg8 46. Kg3
Qc3 47. Qe8+ Kg7 48. Qe7+ Kg8 49. Qe4 Qf6 50. Qa8+ Kg7 51. Qxa7+ Kh6 52. Qc7 Qc3
53. Qf4+ Kg7 54. Qe4 Qb2 55. Qb7+ Kh6 56. Qe7 Qxa2 57. Qf8+ Kh5 58. Kh3 g5 59.
g4+ 1-0

[Event "World Blitz Women 2025"]
[Site "Doha QAT"]
[Date "2025.12.29"]
[Round "6.3"]
[White "Lagno, Kateryna"]
[Black "Muzychuk, Mariya"]
[Result "0-1"]
[WhiteTitle "GM"]
[BlackTitle "GM"]
[WhiteElo "2508"]
[BlackElo "2475"]
[WhiteFideId "14109336"]
[BlackFideId "14114550"]
[EventDate "2025.12.29"]

1. e4 c5 2. Nf3 Nc6 3. Nc3 e5 4. Bc4 Be7 5. d3 d6 6. h3 Nf6 7. Nh2 O-O 8. Ng4
Nd7 9. Nd5 Nb6 10. Nge3 Be6 11. c3 Na5 12. O-O Naxc4 13. dxc4 Nxd5 14. Nxd5 f5
15. exf5 Bxf5 16. Be3 Bg5 17. Qd2 Bxe3 18. Nxe3 Qd7 19. Rad1 Rad8 20. Nxf5 Rxf5
21. Qe3 Qe7 22. Rd2 Rdf8 23. Rfd1 R8f6 24. Qe4 Rg5 25. b4 b6 26. Qa8+ Kf7 27.
bxc5 bxc5 28. Rb1 Kg6 29. Rb7 Qe6 30. Qxa7 Kh6 31. Kh2 Qxc4 32. g3 Qxc3 33. Rbb2
Rxf2+ 0-1

[Event "World Blitz Women 2025"]
[Site "Doha QAT"]
[Date "2025.12.29"]
[Round "6.4"]
[White "Danielian, Elina"]
[Black "Assaubayeva, Bibisara"]
[Result "1-0"]
[WhiteTitle "GM"]
[BlackTitle "GM"]
[WhiteElo "2408"]
[BlackElo "2497"]
[WhiteFideId "13300210"]
[BlackFideId "13708694"]
[EventDate "2025.12.29"]

1. d4 Nf6 2. Bg5 Ne4 3. Bf4 d5 4. e3 c5 5. Bd3 Nc6 6. Bxe4 dxe4 7. d5 Nb4 8. Nc3
Bf5 9. a3 Na6 10. Nge2 g6 11. h3 h5 12. Ng3 Bg7 13. Ngxe4 O-O 14. O-O b6 15. Qf3
Nc7 16. Rad1 Ne8 17. Rd2 Qd7 18. Ng3 Qc8 19. e4 Bd7 20. e5 Nc7 21. Re1 Nb5 22.
Nxb5 Bxb5 23. Qe4 Qb7 24. c4 Bd7 25. Qe3 e6 26. Ne4 Qa6 27. Rc1 Qb7 28. Nf6+ Kh8
29. Bh6 exd5 30. cxd5 Bf5 31. Bxg7+ Kxg7 32. Qg5 Rh8 33. Re1 Rad8 34. d6 Qc6 35.
Re3 Be6 36. Ne4 c4 37. Qf6+ Kh6 38. Ng5 Bd5 39. Rxd5 Qxd5 40. Nxf7+ Kh7 41. Nxd8 1-0

[Event "World Blitz Women 2025"]
[Site "Doha QAT"]
[Date "2025.12.29"]
[Round "6.5"]
[White "Stefanova, Antoaneta"]
[Black "Zhu, Jiner"]
[Result "1/2-1/2"]
[WhiteTitle "GM"]
[BlackTitle "GM"]
[WhiteElo "2391"]
[BlackElo "2579"]
[WhiteFideId "2902257"]
[BlackFideId "8608059"]
[EventDate "2025.12.29"]

1. Nf3 Nf6 2. g3 d5 3. Bg2 e6 4. O-O Be7 5. d3 O-O 6. a4 c5 7. e4 Nc6 8. Qe2 a6
9. e5 Nd7 10. h4 Qc7 11. Re1 Re8 12. Bf4 Nd4 13. Nxd4 cxd4 14. Rc1 Nb8 15. Nd2
Nc6 16. Nf3 Bd7 17. a5 Nxa5 18. Nxd4 Nc6 19. Nf3 a5 20. c4 dxc4 21. dxc4 Bc5 22.
Rd1 Rad8 23. Ng5 h6 24. Ne4 Nd4 25. Qg4 Kf8 26. Nf6 Bc6 27. Nxe8 Rxe8 28. Be3
Bxg2 29. Kxg2 Qc6+ 30. Kh3 Nb3 31. Bxc5+ Qxc5 32. Ra3 a4 33. Qf4 Qc6 34. Rd3 Rc8
35. Rd6 Qh1+ 36. Kg4 Nc5 37. Qf3 Qc1 38. Kh3 Qxb2 39. Re3 Qb1 40. Kh2 Nb3 41.
Rd7 Qf5 42. Qxf5 exf5 43. Rxb7 Rxc4 44. Rexb3 axb3 45. Rxb3 h5 46. f4 g6 47.
Rb8+ Kg7 48. Rb7 Kf8 49. Rb8+ Kg7 50. Rb7 1/2-1/2

[Event "World Blitz Women 2025"]
[Site "Doha QAT"]
[Date "2025.12.29"]
[Round "6.6"]
[White "Garifullina, Leya"]
[Black "Francisco Guecamburu, Candela Be"]
[Result "0-1"]
[WhiteTitle "IM"]
[BlackTitle "WGM"]
[WhiteElo "2454"]
[BlackElo "2238"]
[WhiteFideId "34127035"]
[BlackFideId "160911"]
[EventDate "2025.12.29"]

1. e4 e5 2. Nf3 Nc6 3. Bb5 g6 4. c3 Bg7 5. O-O a6 6. Ba4 Nge7 7. d4 exd4 8. cxd4
b5 9. Bb3 O-O 10. d5 Na5 11. Bd2 Nxb3 12. Qxb3 c5 13. Bc3 d6 14. Bxg7 Kxg7 15.
Qc3+ f6 16. b4 cxb4 17. Qxb4 a5 18. Qd2 b4 19. Nd4 Qb6 20. a3 Bd7 21. Qb2 Rfb8
22. Nd2 bxa3 23. Qxb6 Rxb6 24. Rxa3 Rb4 25. Ne6+ Bxe6 26. dxe6 Rd4 27. Ra2 Nc6
28. Rfa1 Nb4 29. Rb2 Kf8 30. f3 Nd3 31. Rb7 Nc5 32. Rf7+ Kg8 33. Nf1 Nxe6 34.
Rxf6 Re8 35. Ne3 Kg7 36. Nd5 Rxd5 37. exd5 Kxf6 38. dxe6 Ra8 39. Kf2 Kxe6 40.
Ke3 a4 41. Kd2 Kd5 42. Kc3 Kc5 43. Kb2 Kb4 44. Rd1 a3+ 45. Ka2 Ra6 46. f4 Kc4
47. g4 d5 48. Rc1+ Kd3 49. Rc7 Ke4 50. f5 gxf5 51. gxf5 Kxf5 52. Rxh7 d4 53. Rd7
Ke4 54. Re7+ Kf3 55. Rf7+ Ke2 56. Re7+ Kd2 57. h4 d3 58. h5 Kd1 59. h6 Rxh6 60.
Kxa3 Rb6 61. Ka2 d2 62. Re8 Rb5 63. Re7 Kc2 64. Rc7+ Kd3 65. Rd7+ Kc3 66. Rc7+
Kd4 67. Rd7+ Rd5 0-1

[Event "World Blitz Women 2025"]
[Site "Doha QAT"]
[Date "2025.12.29"]
[Round "6.7"]
[White "Buksa, Nataliya"]
[Black "Divya, Deshmukh"]
[Result "1-0"]
[WhiteTitle "IM"]
[BlackTitle "GM"]
[WhiteElo "2397"]
[BlackElo "2497"]
[WhiteFideId "14123622"]
[BlackFideId "35006916"]
[EventDate "2025.12.29"]

1. d4 g6 2. Nc3 Bg7 3. e4 d6 4. f4 Nf6 5. Nf3 O-O 6. Bd3 Nc6 7. e5 dxe5 8. dxe5
Nh5 9. O-O Nb4 10. Be4 Qxd1 11. Rxd1 Bf5 12. Bxf5 gxf5 13. Ne1 e6 14. Be3 Rfd8
15. a3 Na6 16. Nb5 f6 17. Nf3 c6 18. Nd6 Rd7 19. Nc4 Rad8 20. Rxd7 Rxd7 21. Kf2
Nc7 22. g3 b6 23. Ke2 Nd5 24. Bd4 c5 25. Bf2 Ne7 26. b4 cxb4 27. axb4 Rc7 28.
Kd3 Nc6 29. c3 Rd7+ 30. Kc2 Rc7 31. Kb3 Rd7 32. Kc2 Rc7 33. Kb3 Rd7 34. Nd4
Nxd4+ 35. Bxd4 Kf7 36. Nd6+ Kf8 37. Nc8 fxe5 38. fxe5 Bh6 39. Rxa7 Rxa7 40. Nxa7
f4 41. gxf4 Bxf4 42. h3 Ng3 43. b5 Ne2 1-0

[Event "World Blitz Women 2025"]
[Site "Doha QAT"]
[Date "2025.12.29"]
[Round "6.8"]
[White "Shuvalova, Polina"]
[Black "Nurgaliyeva, Zarina"]
[Result "1/2-1/2"]
[WhiteTitle "IM"]
[BlackTitle "WIM"]
[WhiteElo "2502"]
[BlackElo "2305"]
[WhiteFideId "24171760"]
[BlackFideId "13730096"]
[EventDate "2025.12.29"]

1. e4 e5 2. Nf3 Nc6 3. Bc4 Nf6 4. d3 Bc5 5. O-O d6 6. c3 a5 7. Re1 h6 8. Nbd2
O-O 9. h3 Be6 10. Bb5 Nd7 11. Nf1 f5 12. exf5 Bxf5 13. Ng3 Bg6 14. d4 exd4 15.
cxd4 Bb6 16. Bc4+ Kh8 17. Be3 Nf6 18. d5 Bxe3 19. Rxe3 Nb4 20. Re2 b5 21. Bxb5
Nbxd5 22. Bc6 Nf4 23. Bxa8 Nxe2+ 24. Qxe2 Qxa8 25. Rc1 Nd5 26. Nh4 Bh7 27. Qg4
Qb7 28. b3 Nf4 29. Nh5 Nxh5 30. Qxh5 c5 31. Rd1 Qe7 32. Qg4 Qe5 33. Nf3 Qe7 34.
Qg3 Rd8 35. Qf4 d5 36. Ne5 Rf8 37. Qg3 d4 38. Ng6+ Bxg6 39. Qxg6 Qe2 40. Rf1 d3
41. Qd6 Rf5 42. g4 Rf3 43. Qd8+ Kh7 44. Qd5 d2 45. Kg2 Rxf2+ 46. Rxf2 d1=Q 47.
Qf5+ Kh8 48. Qf8+ Kh7 49. Qf5+ Kh8 50. Rxe2 Qxe2+ 51. Qf2 Qe4+ 52. Kg3 c4 53.
bxc4 Qxc4 54. Qf8+ Kh7 55. Qf5+ Kh8 56. Qxa5 Qd3+ 57. Kf4 Qxh3 58. Qa8+ Kh7 59.
Qe4+ Kh8 60. Qe8+ Kh7 61. Qe4+ Kh8 62. a4 Qh2+ 63. Kf5 Qd6 64. Qc4 Qf6+ 65. Ke4
Qe7+ 66. Kd3 Qd7+ 67. Qd4 Qc7 68. Qe4 Qa5 69. Qe8+ Kh7 70. Qb5 Qd8+ 71. Kc4 Qc8+
72. Kb3 Qxg4 73. a5 Qf3+ 74. Kb4 Qe4+ 75. Qc4 Qe1+ 76. Kb5 Qe5+ 77. Qc5 Qb2+ 78.
Kc6 Qf6+ 79. Kb7 Qb2+ 80. Qb6 Qg2+ 81. Qc6 Qb2+ 82. Kc7 Qe5+ 83. Kb6 Qb2+ 84.
Kc5 Qc3+ 85. Kb6 Qb2+ 86. Ka7 h5 87. a6 Qd4+ 88. Kb7 Qb4+ 89. Kc7 Qe7+ 90. Kb6
Qb4+ 91. Qb5 Qd6+ 92. Kb7 Qe7+ 93. Kc8 Qf8+ 94. Kc7 Qe7+ 95. Qd7 Qc5+ 96. Qc6
Qe7+ 97. Kb8 Qf8+ 98. Qc8 Qd6+ 99. Kb7 Qb4+ 100. Ka8 Qe4+ 101. Qb7 Qe8+ 102. Ka7
Qe3+ 103. Kb8 Qe5+ 104. Kc8 Qe8+ 105. Kc7 Qe7+ 106. Kc6 Qe4+ 107. Kc5 Qe3+ 108.
Kb4 Qd2+ 109. Kb3 Qe3+ 110. Kb2 Qd2+ 111. Ka3 Qd3+ 112. Ka2 Qc4+ 113. Kb2 Qe2+
114. Ka1 Qe5+ 115. Qb2 Qa5+ 116. Qa2 Qc3+ 117. Qb2 Qa5+ 118. Qa2 Qc3+ 119. Kb1
Qe1+ 120. Kb2 Qd2+ 121. Kb3 Qd5+ 122. Ka3 Qa5+ 123. Kb2 Qd2+ 124. Ka1 Qc3+ 125.
Kb1 Qe1+ 1/2-1/2

[Event "World Blitz Women 2025"]
[Site "Doha QAT"]
[Date "2025.12.29"]
[Round "6.9"]
[White "Ju, Wenjun"]
[Black "Berend, Elvira"]
[Result "1/2-1/2"]
[WhiteTitle "GM"]
[BlackTitle "WGM"]
[WhiteElo "2565"]
[BlackElo "2265"]
[WhiteFideId "8603006"]
[BlackFideId "4000510"]
[EventDate "2025.12.29"]

1. Nf3 Nf6 2. c4 e6 3. b3 d5 4. Bb2 Be7 5. g3 O-O 6. Bg2 dxc4 7. bxc4 c5 8. O-O
Nc6 9. d3 Nd7 10. Nc3 Bf6 11. Qc1 Rb8 12. Rd1 b6 13. e3 Bb7 14. Ne4 Bxb2 15.
Qxb2 Qe7 16. Rac1 Na5 17. Ned2 Rfd8 18. Nb3 Nc6 19. d4 Nf6 20. h3 h6 21. Qe2 a5
22. Qb2 cxd4 23. exd4 Ba6 24. Nbd2 Nb4 25. Nf1 Rdc8 26. Ne3 Bb7 27. a3 Bxf3 28.
Bxf3 Nc6 29. Bg2 e5 30. Bxc6 Rxc6 31. dxe5 Nd7 32. f4 Qc5 33. Kf2 Nf8 34. Rd5
Qe7 35. Rcd1 Qc7 36. Kg2 Rc5 37. Kh2 Qc6 38. Nf5 Qc7 39. Nd6 Rxd5 40. cxd5 b5
41. Ne4 Qc4 42. Rd4 Qf1 43. d6 Ne6 44. Rd2 Qc4 45. Qc2 Qf1 46. d7 Rd8 47. Nc5
Nxc5 48. Qxc5 Qe1 49. Qd4 g6 50. Rc2 b4 51. axb4 axb4 52. Rb2 Qc3 53. Qxb4 Qxb4
54. Rxb4 Rxd7 55. Rb2 Rd3 56. Kg2 h5 57. Re2 Kg7 58. Rf2 Re3 59. Rd2 Rc3 60. Rd7
Rc2+ 61. Kf3 Rc3+ 62. Kf2 Rc2+ 63. Ke3 Rh2 64. e6 Rxh3 65. Rxf7+ Kg8 66. Kf2
Rh2+ 67. Kf3 Rh1 68. Rc7 Re1 69. Re7 Kf8 70. Rf7+ Kg8 71. Re7 Kf8 72. Rf7+ Kg8
73. Rf6 Kg7 74. Rf7+ Kg8 75. Rb7 Rxe6 76. Rb5 Rd6 77. Re5 Kf7 1/2-1/2